Arany lelki élete.
Elmentve itt :
| Szerző: | |
|---|---|
| Adatforrás: | Philobibl |
| Dokumentumtípus: | Könyv |
| Nyelv: | magyar |
| Megjelent: |
Bp.
Lampel.
1918
|
| Sorozat: | Magyar Könyvtár. 894.szám.
|
| LEADER | 00368nam a2200133 c 4500 | ||
|---|---|---|---|
| 001 | bibDOK00024090 | ||
| 005 | 20200924121826.5 | ||
| 008 | 060518s1918 hu hun | ||
| 100 | 1 | |a Riedl Frigyes | |
| 245 | 1 | 0 | |a Arany lelki élete. |c Riedl Frigyes |
| 260 | |a Bp. |b Lampel. |c 1918 | ||
| 300 | |a 31 p. p. | ||
| 490 | 1 | |a Magyar Könyvtár. 894.szám. | |
| 830 | 0 | |a Magyar Könyvtár. 894.szám. | |